000 00423nam a2200181Ia 4500
001 2984
005 20260306144847.0
008 260306t2006||||xx |||||||||||||| ||spa||
041 _aESP
082 _a239
_bR27
100 _aRatzinger, Joseph
_eAUT
245 0 _aSer cristiano en la era neopagana
260 _c2006
300 _a205 páginas :
_c23 cm.
650 _aGEN
654 _aCHU
942 _cLIB
_dJUS
_fJUS
_2ddc
_n
999 _c2984
_d2984